| Tag |
First Indicator |
Second Indicator |
Subfields |
| LEADER |
00000cam a2200000Ia 4500 |
| 001 |
in00001773621 |
| 005 |
20151025092703.0 |
| 008 |
030901s1962 dcua f000 0 eng d |
| 035 |
|
|
|a (OCoLC)ocm16842691
|
| 035 |
|
|
|a (OCoLC)16842691
|
| 040 |
|
|
|a RQF
|c RQF
|d AGL
|d OCLCQ
|d OCLCG
|d TXA
|d UtOrBLW
|
| 049 |
|
|
|a TXAM
|
| 070 |
0 |
|
|a 1
|b Ag84Hg no.7 1962
|
| 072 |
|
0 |
|a F110
|
| 086 |
|
|
|a A 1.77:7
|
| 092 |
|
|
|a 640
|b Un34h, no.7, 1962
|
| 100 |
1 |
|
|a Boswell, Victor R.
|q (Victor Rickman),
|d 1900-
|
| 245 |
1 |
0 |
|a Growing vegetables in town and city /
|c by Victor R. Boswell and Robert E. Wester.
|
| 250 |
|
|
|a Slightly rev. Aug. 1962.
|
| 264 |
|
1 |
|a Washington, D.C. :
|b U.S. Dept. of Agriculture,
|c 1962.
|
| 300 |
|
|
|a 39 pages :
|b illustrations ;
|c 1962.
|
| 336 |
|
|
|a text
|b txt
|2 rdacontent
|
| 337 |
|
|
|a unmediated
|b n
|2 rdamedia
|
| 338 |
|
|
|a volume
|b nc
|2 rdacarrier
|
| 490 |
1 |
|
|a Home and garden bulletin ;
|v no. 7
|
| 500 |
|
|
|a Cover title.
|
| 650 |
|
0 |
|a Vegetable gardening.
|
| 700 |
1 |
|
|a Wester, Robert E.
|q (Robert Emerson),
|d 1905-
|
| 830 |
|
0 |
|a Home and garden bulletin ;
|v no. 7.
|
| 856 |
4 |
1 |
|u http://agnic.msu.edu/hgpubs/modus/morefile/hg7_62.pdf
|t 0
|
| 994 |
|
|
|a C0
|b TXA
|
| 948 |
|
|
|a cataloged
|b h
|c 2010/07/05
|e rzeske
|f 10:45:57 am
|
| 999 |
|
|
|a MARS
|
| 999 |
f |
f |
|s 27699cd6-daef-320f-bd01-c5a63f19f902
|i de0d0443-0a69-300f-8a2c-ea1a68718814
|t 0
|
| 952 |
f |
f |
|p normal
|a Texas A&M University
|b College Station
|c Sterling C. Evans Library
|d Evans: US Documents (Annex 5th floor)
|t 0
|e A 1.77:7
|h Superintendent of Documents classification
|i unmediated -- volume
|m A14839392180
|
| 998 |
f |
f |
|a A 1.77:7
|t 0
|l Evans: US Documents (Annex 5th floor)
|